Life in the Pueblos / (Record no. 1095)
[ view plain ]
| 000 -LEADER | |
|---|---|
| fixed length control field | 01197cam a2200313 a 4500 |
| 005 - DATE AND TIME OF LATEST TRANSACTION | |
| control field | 20260322212046.0 |
| 008 - FIXED-LENGTH DATA ELEMENTS--GENERAL INFORMATION | |
| fixed length control field | data |
| 010 ## - LIBRARY OF CONGRESS CONTROL NUMBER | |
| LC control number | 90085644 |
| 020 ## - INTERNATIONAL STANDARD BOOK NUMBER | |
| International Standard Book Number | 0941270688 (pbk.) |
| 020 ## - INTERNATIONAL STANDARD BOOK NUMBER | |
| International Standard Book Number | 9780941270687 (pbk.) |
| 040 ## - CATALOGING SOURCE | |
| Original cataloging agency | DLC |
| Transcribing agency | DLC |
| Modifying agency | DLC |
| 042 ## - AUTHENTICATION CODE | |
| Authentication code | lcac |
| 043 ## - GEOGRAPHIC AREA CODE | |
| Geographic area code | n-ust-- |
| 050 00 - LIBRARY OF CONGRESS CALL NUMBER | |
| Classification number | E99.P9 |
| Item number | U314 1991 |
| -- | PIMC |
| 082 00 - DEWEY DECIMAL CLASSIFICATION NUMBER | |
| Classification number | 979/.00497 |
| Edition information | 20 |
| 001 - CONTROL NUMBER | |
| control field | data |
| 100 1# - MAIN ENTRY--PERSONAL NAME | |
| Personal name | Underhill, Ruth Murray, |
| Dates associated with a name | 1884-1984. |
| 245 10 - TITLE STATEMENT | |
| Title | Life in the Pueblos / |
| Statement of responsibility, etc. | Ruth Underhill. |
| 250 ## - EDITION STATEMENT | |
| Edition statement | 1st Ancient City Press ed. |
| 260 ## - PUBLICATION, DISTRIBUTION, ETC. | |
| Place of publication, distribution, etc. | Santa Fe, N.M. : |
| Name of publisher, distributor, etc. | Ancient City Press, |
| Date of publication, distribution, etc. | c1991. |
| 300 ## - PHYSICAL DESCRIPTION | |
| Extent | 154 p. : |
| Other physical details | ill., maps ; |
| Dimensions | 26 cm. |
| 500 ## - GENERAL NOTE | |
| General note | Rev. ed. of: Work a day life of the Pueblos, 1946. |
| 520 ## - SUMMARY, ETC. | |
| Summary, etc. | Introduces the daily life of the Pueblo Indians, past and present, describing their food, shelter, clothing, games, and other aspects of their existence. |
| 650 #0 - SUBJECT ADDED ENTRY--TOPICAL TERM | |
| Topical term or geographic name entry element | Pueblo Indians |
| General subdivision | Social life and customs. |
| 650 #1 - SUBJECT ADDED ENTRY--TOPICAL TERM | |
| Topical term or geographic name entry element | Pueblo Indians |
| General subdivision | Social life and customs. |
| 650 #1 - SUBJECT ADDED ENTRY--TOPICAL TERM | |
| Topical term or geographic name entry element | Indians of North America |
| Geographic subdivision | Southwest, New |
| General subdivision | Social life and customs. |
| 651 #0 - SUBJECT ADDED ENTRY--GEOGRAPHIC NAME | |
| Geographic name | Southwest, New |
| General subdivision | Social life and customs. |
| 700 1# - ADDED ENTRY--PERSONAL NAME | |
| Personal name | Underhill, Ruth Murray, |
| Dates associated with a name | 1884-1984. |
| Title of a work | Work a day life of the Pueblos. |
| Withdrawn status | Lost status | Damaged status | Not for loan | Home library | Current library | Shelving location | Date acquired | Total checkouts | Full call number | Barcode | Date last seen | Price effective from | Koha item type |
|---|---|---|---|---|---|---|---|---|---|---|---|---|---|
| Franklin | Franklin | General stacks | 22/03/2026 | 979/.00497 20 | BC0011129 | 22/03/2026 | 22/03/2026 | Books |